Linear differential operators /
Guardado en:
| Autor Principal: | |
|---|---|
| Otros Autores: | |
| Formato: | Libro |
| Idioma: | English Russian |
| Publicado: |
New York :
Frederick Ungar,
c1967-68.
|
| Etiquetas: |
Agregar Etiqueta
Sin Etiquetas, Sea el primero en etiquetar este registro!
|
| LEADER | 01205nam a22002655a 4500 | ||
|---|---|---|---|
| 001 | MAT.inmabb002161 | ||
| 008 | 840613m19671968nyua#####b####001#0#eng#d | ||
| 005 | 20130306173916.0 | ||
| 245 | 1 | 0 | |a Linear differential operators / |c M. A. Naimark ; translated by E. R. Dawson ; English translation edited by W. N. Everitt. |
| 260 | |a New York : |b Frederick Ungar, |c c1967-68. | ||
| 300 | |a 2 v. : |b il. ; |c 24 cm. | ||
| 500 | |a Traducción de: Lineinye differentsial´nye operatory. Moskva : Gos. izd-vo tekhniko-teoret. lit-ry, 1954. | ||
| 500 | |a "With additional material by the author". | ||
| 505 | 0 | |a pt. 1. Elementary theory of linear differential operators -- pt. 2. Linear differential operators in Hilbert space. | |
| 504 | |a Bibliografía: pt. 1, p. 131-142; v.2, p. 332-348. | ||
| 510 | 4 | |a MR, |c 35 #6885 |3 (pt. 1) | |
| 510 | 4 | |a MR, |c 41 #7485 |3 (pt. 2) | |
| 100 | 1 | |a Naimark, M. A. |q (Mark Aronovich) | |
| 240 | 1 | 0 | |a Lineinye differentsial´nye operatory. |l Inglés |
| 700 | 1 | |a Everitt, W. N. |4 edt | |
| 084 | |a 47E05 (34B24 34Lxx 47B25) |2 msc2000 | ||
| 010 | |a 66019469 | ||
| 041 | 1 | |a eng |h rus | |
| 859 | |h 47 |i N157 |p A-4009 |v 1 |3 Part I |b BIB. MATEMATICA | ||
| 859 | |h 47 |i N157 |p A-3824 |v 2 |3 Part II |b BIB. MATEMATICA | ||
